000 00615nam a2200229Ia 4500
003 OSt
005 20221007081010.0
006 a|||||r|||| 00| 0
007 ta
008 221006b |||||||| |||| 00| 0 eng d
024 _a28,453
037 _cTextual
040 _aFLL
_cFLL
_beng
041 _2eng
_aeng
082 _aZ73,805, L8
100 _aRossum Ralph A.
_999614
245 0 _aPolitics of the criminal justice system
260 _aNew York
_bMarcel Dekker, Inc. New
_c1978
300 _ax,287p
_ccm.
942 _hZ73,805, L8
_cTEXL
_2CC
999 _c1161622
_d1161622